000 00559cab a2200205 4500
001 WB2649-01
008 090401t1990 xxu||||| |||| 00| 0 eng d
035 _a(Sirsi) u45735
041 _aeng
245 _aSotheby`s close two branches
260 _c1990
350 _a0
490 _aTimes
_v12/12/90 p3
520 _aSotheby`s has announced that it is to close its Chester and Suffolk branches, and make 80 staff redundant.
650 _aRECESSION
650 _aREDUNDANCIES
690 _aAuctioneering
_96218
942 _n0
948 _c04/03/1997
999 _c28943
_d28943